| 000 | 00860nam a22002777a 4500 | ||
|---|---|---|---|
| 003 | CHAP | ||
| 005 | 20220329135551.0 | ||
| 008 | 971013s r 00010 d | ||
| 010 | _a38623 | ||
| 011 | _a39595 | ||
| 035 | _a43716 | ||
| 040 | _cCHAP | ||
| 090 | _aFolleto 9553 | ||
| 100 | 0 | 0 |
_aMobil Oil de México, S.A. _976381 |
| 245 | _aEsquema para la lubricación de tractores Massey-Ferguson modelo 185 | ||
| 260 |
_aMéxico, D.F. : _bMoil Oil de México, _c(198?) |
||
| 300 | _a1 lámina | ||
| 590 |
_aBATCH-UPD _b10 _c20130110 _lUCH01 _h1653 |
||
| 590 |
_aBATCH-UPD _b10 _c20130410 _lUCH01 _h1042 |
||
| 590 |
_aBATCH-UPD _b10 _c20130914 _lUCH01 _h2051 |
||
| 590 |
_aCONVERSION _b10 _c20130109 _lUCH01 _h1321 |
||
| 650 | 1 | 4 |
_aTractores _xLubricación. _9114580 |
| 901 | _aBK | ||
| 942 | _cFOLL | ||
| 949 |
_aFolleto 9553 _bBC _cFOLL _d-99987 _eTS1 _i43716 _mD _si |
||
| 999 |
_c38623 _d38623 |
||